|
|
|
|
| LEADER |
00604nam a22001577a 4500 |
| 020 |
|
|
|a 9788193559321
|
| 082 |
|
|
|a 891.21
|b MUM/N
|
| 100 |
|
|
|a Mumthas,R.
|
| 245 |
|
|
|a Nature in naishadhiyacharita :
|b study.
|c Mumthas R.
|
| 260 |
|
|
|a Kochi :
|b Sukrtindra Oriental Research Institute,
|c 2018.
|
| 300 |
|
|
|a 210p. :
|
| 650 |
|
|
|a Poetry - Sanskrit literature.
|a Nature in literature.
|
| 856 |
|
|
|u https://www.exoticindiaart.com/book/details/nature-in-naisadhiyacarita-study-NAX368/
|
| 942 |
|
|
|c BK
|
| 999 |
|
|
|c 299008
|d 299008
|
| 952 |
|
|
|0 0
|1 0
|4 0
|7 0
|8 FIC
|9 318970
|a SAN
|b SAN
|c GEN
|d 2020-09-19
|o 891.21 MUM/N
|p SAN16836
|w 2020-09-19
|y BK
|